[Event "NDVM 2019 U14w"]
[Site "?"]
[Date "2019.09.14"]
[Round "5.1"]
[White "Hellenbroich, Helene"]
[Black "Hubert, Charlotte"]
[Result "1/2-1/2"]
[BlackElo "1574"]
[WhiteElo "1105"]
[LiveChessVersion "1.4.8"]

1. e4 {[%clk 1:30:57]} c5 {[%clk 1:30:56]} 2. Nf3 {[%clk 1:31:15]} e6
{[%clk 1:31:17]} 3. d4 {[%clk 1:31:35]} cxd4 {[%clk 1:31:39]} 4. Nxd4
{[%clk 1:31:42]} Nc6 {[%clk 1:31:58]} 5. Nb3 {[%clk 1:31:41]} Qc7
{[%clk 1:31:23]} 6. Bd3 {[%clk 1:30:30]} Nf6 {[%clk 1:31:06]} 7. a3
{[%clk 1:30:23]} Be7 {[%clk 1:30:07]} 8. Nc3 {[%clk 1:30:08]} a6 {[%clk 1:29:24]}
9. Be3 {[%clk 1:29:30]} b5 {[%clk 1:27:17]} 10. Ne2 {[%clk 1:28:42]} Bb7
{[%clk 1:26:08]} 11. Ng3 {[%clk 1:27:43]} O-O {[%clk 1:19:13]} 12. O-O
{[%clk 1:26:51]} Ne5 {[%clk 1:15:40]} 13. Bd4 {[%clk 1:26:03]} d6
{[%clk 1:13:45]} 14. Nd2 {[%clk 1:25:13]} Rac8 {[%clk 1:09:33]} 15. Rc1
{[%clk 1:24:29]} Qb8 {[%clk 1:04:17]} 16. Re1 {[%clk 1:22:59]} Rc6
{[%clk 1:00:36]} 17. Qe2 {[%clk 1:21:18]} Rfc8 {[%clk 0:59:48]} 18. c3
{[%clk 1:20:03]} Rd8 {[%clk 0:49:36]} 19. Nf3 {[%clk 1:19:51]} Rcc8
{[%clk 0:45:25]} 20. b3 {[%clk 1:17:21]} Rc6 {[%clk 0:38:39]} 21. Rc2
{[%clk 1:16:35]} Rdc8 {[%clk 0:38:40]} 22. Rec1 {[%clk 1:16:56]} Nfd7
{[%clk 0:34:28]} 23. Nxe5 {[%clk 1:12:59]} dxe5 {[%clk 0:30:59]} 24. Be3
{[%clk 1:13:08]} Nf6 {[%clk 0:29:00]} 25. Bg5 {[%clk 1:12:58]} Rd8
{[%clk 0:26:10]} 26. Rd1 {[%clk 1:12:13]} Qc7 {[%clk 0:25:54]} 27. c4
{[%clk 1:11:10]} bxc4 {[%clk 0:24:49]} 28. Bxc4 {[%clk 1:10:45]} Rxd1+
{[%clk 0:24:38]} 29. Qxd1 {[%clk 1:11:04]} Rd6 {[%clk 0:23:31]} 30. Qc1
{[%clk 1:10:01]} Qd7 {[%clk 0:23:21]} 31. Be2 {[%clk 1:09:52]} Rc6
{[%clk 0:13:07]} 32. Bxf6 {[%clk 1:08:22]} 1/2-1/2

[Event "NDVM 2019 U14w"]
[Site "?"]
[Date "2019.09.14"]
[Round "5.2"]
[White "Wartenberg, Alissa"]
[Black "Alscher, Anouk"]
[Result "1-0"]
[BlackElo "1082"]
[WhiteElo "1350"]
[LiveChessVersion "1.4.8"]

1. e4 {[%clk 1:30:57]} e5 {[%clk 1:30:52]} 2. Nf3 {[%clk 1:31:24]} Nc6
{[%clk 1:31:11]} 3. Nc3 {[%clk 1:31:49]} Bc5 {[%clk 1:31:23]} 4. Nxe5
{[%clk 1:32:07]} Nxe5 {[%clk 1:31:42]} 5. d4 {[%clk 1:32:33]} Bxd4
{[%clk 1:31:37]} 6. Qxd4 {[%clk 1:32:55]} d6 {[%clk 1:31:22]} 7. Bf4
{[%clk 1:32:53]} f6 {[%clk 1:30:16]} 8. O-O-O {[%clk 1:32:07]} Bg4
{[%clk 1:28:38]} 9. Re1 {[%clk 1:30:59]} Qd7 {[%clk 1:27:27]} 10. h3
{[%clk 1:29:08]} Be6 {[%clk 1:26:12]} 11. Bh2 {[%clk 1:27:36]} Nc6
{[%clk 1:25:28]} 12. Qd2 {[%clk 1:22:17]} Nb4 {[%clk 1:24:03]} 13. Kb1
{[%clk 1:18:58]} Ne7 {[%clk 1:21:00]} 14. a3 {[%clk 1:18:23]} Nbc6
{[%clk 1:20:50]} 15. Nd5 {[%clk 1:13:48]} O-O {[%clk 1:16:12]} 16. g4
{[%clk 1:11:57]} Ne5 {[%clk 1:15:45]} 17. Nxe7+ {[%clk 1:11:05]} Qxe7
{[%clk 1:15:45]} 18. Be2 {[%clk 1:09:13]} Qf7 {[%clk 1:14:07]} 19. f4
{[%clk 1:06:23]} Nc4 {[%clk 1:13:12]} 20. Qc3 {[%clk 1:05:45]} Nb6
{[%clk 1:12:36]} 21. Rhg1 {[%clk 1:04:08]} Ba2+ 22. Ka1 Na4 {[%clk 1:10:42]} 23.
Qb4 {[%clk 1:03:43]} Nc5 {[%clk 1:10:09]} 24. b3 {[%clk 0:58:33]} a5
{[%clk 1:10:19]} 25. Qc3 {[%clk 0:52:59]} Nxe4 {[%clk 1:09:48]} 26. Qe3
{[%clk 0:51:38]} Bxb3 {[%clk 1:09:04]} 27. cxb3 {[%clk 0:51:04]} a4
{[%clk 1:08:32]} 28. Qxe4 {[%clk 0:49:55]} axb3 {[%clk 1:08:28]} 29. Bc4
{[%clk 0:48:44]} Rxa3+ {[%clk 1:08:25]} 30. Kb1 {[%clk 0:48:29]} Qxc4
{[%clk 1:06:28]} 31. Qxc4+ {[%clk 0:48:46]} Kh8 {[%clk 1:06:39]} 32. Qf7
{[%clk 0:45:52]} Raa8 {[%clk 1:06:29]} 33. Qxb3 {[%clk 0:46:03]} Ra7
{[%clk 1:06:23]} 34. Qf7 {[%clk 0:45:50]} Raa8 {[%clk 1:06:34]} 35. Qxc7
{[%clk 0:46:07]} h6 {[%clk 1:06:50]} 36. Qxd6 {[%clk 0:46:04]} Rad8
{[%clk 1:06:24]} 37. Qb4 {[%clk 0:45:45]} b5 {[%clk 1:06:19]} 38. Rd1
{[%clk 0:45:53]} Rc8 {[%clk 1:06:25]} 39. Rd5 {[%clk 0:46:06]} Rfe8
{[%clk 1:06:25]} 40. Re1 {[%clk 0:46:05]} Rg8 {[%clk 1:06:26]} 41. Rxb5
{[%clk 0:46:08]} Kh7 {[%clk 1:06:21]} 42. Qe4+ {[%clk 0:46:00]} Kh8
{[%clk 1:06:39]} 43. h4 {[%clk 0:44:59]} Rce8 {[%clk 1:06:32]} 44. Qxe8
{[%clk 0:44:38]} Rxe8 {[%clk 1:06:51]} 45. Rxe8+ {[%clk 0:45:04]} Kh7
{[%clk 1:07:10]} 46. h5 {[%clk 0:45:31]} f5 {[%clk 1:07:00]} 47. gxf5
{[%clk 0:45:48]} g5 {[%clk 1:07:01]} 48. Rb7# 1-0

[Event "NDVM 2019 U14w"]
[Site "?"]
[Date "2019.09.14"]
[Round "5.3"]
[White "Rosin, Ida"]
[Black "Wu, Yvonne Yihan"]
[Result "1/2-1/2"]
[BlackElo "1099"]
[WhiteElo "1122"]
[LiveChessVersion "1.4.8"]

1. e4 {[%clk 1:30:56]} e5 {[%clk 1:30:55]} 2. Nf3 {[%clk 1:31:19]} Nc6
{[%clk 1:31:20]} 3. d4 {[%clk 1:31:38]} exd4 {[%clk 1:31:43]} 4. Nxd4
{[%clk 1:32:02]} Bc5 {[%clk 1:31:57]} 5. Be3 {[%clk 1:32:23]} Qf6
{[%clk 1:31:09]} 6. c3 {[%clk 1:32:17]} Nge7 {[%clk 1:28:08]} 7. Nd2
{[%clk 1:30:24]} Nxd4 {[%clk 1:25:02]} 8. cxd4 {[%clk 1:26:03]} Bxd4
{[%clk 1:24:49]} 9. Bxd4 {[%clk 1:26:26]} Qxd4 {[%clk 1:24:56]} 10. Qc2
{[%clk 1:26:43]} Nc6 {[%clk 1:11:06]} 11. a3 {[%clk 1:19:31]} d6 {[%clk 1:02:58]}
12. Nf3 {[%clk 1:15:38]} Qf6 {[%clk 1:01:49]} 13. h3 {[%clk 1:14:38]} O-O
{[%clk 0:57:24]} 14. Bd3 {[%clk 1:14:27]} Re8 {[%clk 0:53:05]} 15. O-O
{[%clk 1:14:19]} Re7 {[%clk 0:49:06]} 16. Rae1 {[%clk 1:13:42]} Ne5
{[%clk 0:43:57]} 17. Nxe5 {[%clk 1:12:04]} dxe5 {[%clk 0:43:24]} 18. Re3
{[%clk 1:10:53]} Be6 {[%clk 0:35:49]} 19. Rf3 {[%clk 1:08:33]} Qh6
{[%clk 0:34:12]} 20. Qc5 {[%clk 1:07:46]} Qg5 {[%clk 0:29:14]} 21. Rg3
{[%clk 1:07:41]} Qf6 22. Rf3 Qg5 {[%clk 0:28:24]} 23. Rg3 {[%clk 1:08:02]} Qf6
{[%clk 0:28:26]} 24. Rf3 {[%clk 1:08:22]} Qg5 {[%clk 0:26:37]} 25. Rg3
{[%clk 1:08:38]} 1/2-1/2

[Event "NDVM 2019 U14w"]
[Site "?"]
[Date "2019.09.14"]
[Round "5.4"]
[White "Modali, Nikhilamrutha"]
[Black "Gossing, Marie-Sophie"]
[Result "0-1"]
[BlackElo "1120"]
[WhiteElo "1029"]
[LiveChessVersion "1.4.8"]

1. e4 {[%clk 1:30:56]} e5 {[%clk 1:30:50]} 2. Nf3 {[%clk 1:31:22]} Nf6
{[%clk 1:30:23]} 3. Nxe5 {[%clk 1:31:11]} d6 {[%clk 1:30:40]} 4. Nf3
{[%clk 1:31:35]} Nxe4 {[%clk 1:30:28]} 5. c4 {[%clk 1:31:58]} Nc6
{[%clk 1:29:03]} 6. Nc3 {[%clk 1:31:58]} Bf5 {[%clk 1:26:32]} 7. Bd3
{[%clk 1:30:15]} Nxc3 {[%clk 1:26:37]} 8. dxc3 {[%clk 1:30:24]} Bg4
{[%clk 1:25:30]} 9. O-O {[%clk 1:29:22]} Be7 {[%clk 1:25:41]} 10. Re1
{[%clk 1:27:34]} Ne5 {[%clk 1:25:41]} 11. Qa4+ Qd7 {[%clk 1:22:41]} 12. Qxd7+
{[%clk 1:26:54]} Nxd7 {[%clk 1:21:31]} 13. Nd4 {[%clk 1:25:11]} Nc5
{[%clk 1:18:45]} 14. Bc2 {[%clk 1:24:01]} Ne6 {[%clk 1:16:47]} 15. h3
{[%clk 1:23:20]} Bh5 {[%clk 1:08:34]} 16. Nxe6 {[%clk 1:22:53]} fxe6
{[%clk 1:07:51]} 17. Rxe6 {[%clk 1:23:13]} Bf7 {[%clk 1:08:00]} 18. Re1
{[%clk 1:23:07]} h6 {[%clk 1:08:17]} 19. Ba4+ {[%clk 1:21:43]} c6
{[%clk 1:07:20]} 20. Bf4 {[%clk 1:21:17]} Rd8 {[%clk 1:06:36]} 21. c5
{[%clk 1:21:04]} dxc5 {[%clk 1:03:57]} 22. Bc7 {[%clk 1:20:17]} Rd7
{[%clk 1:03:01]} 23. Bb8 {[%clk 1:20:33]} O-O {[%clk 1:02:21]} 24. Bxa7
{[%clk 1:20:53]} b5 {[%clk 1:02:24]} 25. Rxe7 {[%clk 1:18:34]} Rxe7
{[%clk 1:01:17]} 26. Bxc5 {[%clk 1:18:54]} Rfe8 {[%clk 1:00:09]} 27. Bxe7
{[%clk 1:19:01]} Rxe7 {[%clk 1:00:31]} 28. Bc2 {[%clk 1:19:15]} Re2
{[%clk 0:59:58]} 29. Bf5 {[%clk 1:15:49]} Rxb2 {[%clk 1:00:06]} 30. Bd7
{[%clk 1:16:11]} Bd5 {[%clk 1:00:21]} 31. Be8 {[%clk 1:15:28]} Rc2
{[%clk 1:00:05]} 32. Bg6 {[%clk 1:15:36]} Rxc3 {[%clk 0:59:09]} 33. Re1
{[%clk 1:15:36]} Bf7 {[%clk 0:59:27]} 34. Bxf7+ {[%clk 1:13:08]} Kxf7
{[%clk 0:58:45]} 35. Re4 {[%clk 1:12:56]} c5 {[%clk 0:57:55]} 36. Rf4+
{[%clk 1:12:28]} Kg8 {[%clk 0:57:25]} 37. Kf1 {[%clk 1:12:39]} Rc2
{[%clk 0:56:54]} 38. a4 {[%clk 1:12:32]} b4 {[%clk 0:56:27]} 39. a5
{[%clk 1:12:30]} Ra2 {[%clk 0:52:25]} 40. Re4 {[%clk 1:11:55]} b3
{[%clk 0:50:48]} 41. Re8+ {[%clk 1:11:40]} Kf7 {[%clk 0:51:05]} 42. Rb8
{[%clk 1:12:05]} b2 {[%clk 0:51:27]} 43. a6 {[%clk 1:12:22]} Ra1+
{[%clk 0:51:30]} 44. Ke2 {[%clk 1:12:37]} b1=Q {[%clk 0:51:07]} 45. a7
{[%clk 1:12:39]} Qe4+ {[%clk 0:51:02]} 46. Kd2 {[%clk 1:12:57]} Rxa7 47. Rb2
{[%clk 1:12:49]} Qd4+ {[%clk 0:51:16]} 48. Kc1 {[%clk 1:13:06]} Ra1+
{[%clk 0:50:53]} 49. Kc2 {[%clk 1:13:19]} Qxf2+ {[%clk 0:51:06]} 50. Kb3
{[%clk 1:13:41]} Qe3+ {[%clk 0:50:28]} 51. Kc2 {[%clk 1:13:54]} Rc1# 0-1

[Event "NDVM 2019 U14w"]
[Site "?"]
[Date "2019.09.14"]
[Round "5.5"]
[White "Berghold, Lotta"]
[Black "Fayngold, Sophie Olivia"]
[Result "1/2-1/2"]
[BlackElo "1581"]
[WhiteElo "1471"]
[LiveChessVersion "1.4.8"]

1. d4 {[%clk 1:30:55]} d5 {[%clk 1:30:56]} 2. Nf3 {[%clk 1:31:21]} c5
{[%clk 1:31:20]} 3. e3 {[%clk 1:31:47]} Nf6 {[%clk 1:31:38]} 4. c3
{[%clk 1:31:58]} Nc6 {[%clk 1:31:39]} 5. Bd3 {[%clk 1:32:21]} g6 {[%clk 1:32:04]}
6. Nbd2 {[%clk 1:32:03]} Bg7 {[%clk 1:32:21]} 7. O-O {[%clk 1:32:27]} O-O
{[%clk 1:32:43]} 8. Re1 {[%clk 1:25:51]} Bf5 {[%clk 1:32:27]} 9. Qc2
{[%clk 1:17:59]} e6 {[%clk 1:28:39]} 10. dxc5 {[%clk 1:16:03]} Bxd3
{[%clk 1:24:45]} 11. Qxd3 {[%clk 1:16:24]} Qe7 {[%clk 1:22:31]} 12. e4
{[%clk 1:10:33]} dxe4 {[%clk 1:21:33]} 13. Nxe4 {[%clk 1:10:46]} Nxe4
{[%clk 1:20:01]} 14. Qxe4 {[%clk 1:10:20]} Qxc5 {[%clk 1:15:48]} 15. Bf4
{[%clk 0:58:05]} Qb5 {[%clk 1:04:12]} 16. Qe2 {[%clk 0:54:59]} Qf5
{[%clk 0:58:24]} 17. Qe4 {[%clk 0:30:10]} Qb5 {[%clk 0:52:13]} 18. Qe2
{[%clk 0:26:56]} Qb6 {[%clk 0:49:25]} 19. Rad1 {[%clk 0:24:21]} Rfe8
{[%clk 0:43:39]} 20. Bc1 {[%clk 0:18:43]} Rad8 {[%clk 0:40:57]} 21. Rxd8
{[%clk 0:18:29]} Rxd8 {[%clk 0:40:37]} 22. Rd1 {[%clk 0:18:08]} Qa5
{[%clk 0:34:50]} 23. Rxd8+ {[%clk 0:16:47]} Qxd8 {[%clk 0:34:05]} 24. Be3
{[%clk 0:13:18]} Qd5 {[%clk 0:30:35]} 25. a3 {[%clk 0:10:54]} Qf5
{[%clk 0:26:34]} 26. Qd2 {[%clk 0:08:58]} 1/2-1/2

[Event "NDVM 2019 U14w"]
[Site "?"]
[Date "2019.09.14"]
[Round "5.6"]
[White "Gehrke, Gina Celina"]
[Black "Mueller, Helene"]
[Result "1/2-1/2"]
[BlackElo "1476"]
[WhiteElo "1543"]
[LiveChessVersion "1.4.8"]

1. d4 {[%clk 1:30:58]} d6 {[%clk 1:30:53]} 2. c4 {[%clk 1:31:06]} g6
{[%clk 1:31:01]} 3. Nc3 {[%clk 1:30:46]} Bg7 {[%clk 1:31:14]} 4. Nf3
{[%clk 1:30:55]} Nf6 {[%clk 1:30:24]} 5. Bf4 {[%clk 1:30:11]} c5 {[%clk 1:27:44]}
6. e3 {[%clk 1:27:31]} b6 {[%clk 1:26:45]} 7. Nd2 {[%clk 1:26:04]} Bb7
{[%clk 1:26:23]} 8. d5 {[%clk 1:26:16]} O-O {[%clk 1:24:50]} 9. Bd3
{[%clk 1:25:45]} Re8 {[%clk 1:20:56]} 10. O-O {[%clk 1:25:46]} e6
{[%clk 1:14:38]} 11. e4 {[%clk 1:25:28]} Nh5 {[%clk 0:54:23]} 12. g3
{[%clk 1:20:57]} Na6 {[%clk 0:28:26]} 13. Be2 {[%clk 1:19:33]} Nxf4
{[%clk 0:24:02]} 14. gxf4 {[%clk 1:16:12]} Nc7 {[%clk 0:23:11]} 15. Nf3
{[%clk 1:13:50]} Rf8 {[%clk 0:22:17]} 16. Kh1 {[%clk 1:11:57]} f5
{[%clk 0:21:15]} 17. Ng5 {[%clk 1:06:09]} exd5 {[%clk 0:19:15]} 18. exd5
{[%clk 1:04:58]} h6 {[%clk 0:17:37]} 19. Nf3 {[%clk 1:03:55]} g5 {[%clk 0:12:09]}
20. fxg5 {[%clk 1:03:08]} hxg5 {[%clk 0:12:16]} 21. Qd2 {[%clk 1:01:46]} g4
{[%clk 0:11:50]} 22. Ne1 {[%clk 1:01:45]} Qh4 {[%clk 0:11:18]} 23. Ng2
{[%clk 1:01:27]} Qh7 {[%clk 0:10:30]} 24. Qf4 {[%clk 1:00:39]} Rae8
{[%clk 0:09:04]} 25. Bd3 {[%clk 1:00:36]} Be5 {[%clk 0:08:25]} 26. Qg5+
{[%clk 1:00:45]} Kh8 {[%clk 0:08:41]} 27. Qh4 {[%clk 0:59:55]} Re7
{[%clk 0:08:08]} 28. f4 {[%clk 0:59:26]} gxf3 {[%clk 0:07:19]} 29. Rxf3
{[%clk 0:59:32]} Qxh4 {[%clk 0:06:37]} 30. Nxh4 {[%clk 0:59:38]} Rg7
{[%clk 0:05:29]} 31. Bxf5 {[%clk 0:57:12]} Kg8 {[%clk 0:05:42]} 32. Rg1
{[%clk 0:56:43]} Rxg1+ {[%clk 0:05:52]} 33. Kxg1 {[%clk 0:57:05]} Bd4+
{[%clk 0:06:19]} 34. Kf1 {[%clk 0:56:27]} Ne8 {[%clk 0:05:43]} 35. Be6+
{[%clk 0:54:39]} Kg7 {[%clk 0:05:53]} 36. Rxf8 {[%clk 0:54:00]} Kxf8
{[%clk 0:06:16]} 37. Nd1 {[%clk 0:52:19]} Nf6 {[%clk 0:05:56]} 38. Nf3
{[%clk 0:51:48]} Ne4 {[%clk 0:04:41]} 39. Nxd4 {[%clk 0:51:33]} cxd4
{[%clk 0:05:02]} 40. Ke2 {[%clk 0:51:44]} Nc5 {[%clk 0:05:01]} 41. Bf5
{[%clk 0:51:17]} Kf7 {[%clk 0:04:38]} 42. h3 {[%clk 0:44:15]} Kf6
{[%clk 0:04:32]} 43. Bg4 {[%clk 0:44:08]} Kg5 {[%clk 0:04:29]} 1/2-1/2

[Event "NDVM 2019 U14w"]
[Site "?"]
[Date "2019.09.14"]
[Round "5.7"]
[White "Kluehs, Isabel"]
[Black "Liu, Shandy"]
[Result "1-0"]
[BlackElo "929"]
[WhiteElo "1312"]
[LiveChessVersion "1.4.8"]

1. d4 {[%clk 1:30:59]} d5 {[%clk 1:30:54]} 2. Nf3 {[%clk 1:31:21]} Nf6
{[%clk 1:31:16]} 3. e3 {[%clk 1:31:46]} Bf5 {[%clk 1:31:32]} 4. c4
{[%clk 1:32:07]} c6 {[%clk 1:31:48]} 5. Nc3 {[%clk 1:32:28]} e6 {[%clk 1:31:45]}
6. Be2 {[%clk 1:32:50]} Nbd7 {[%clk 1:31:48]} 7. O-O {[%clk 1:32:32]} Be7
{[%clk 1:31:46]} 8. b3 {[%clk 1:32:41]} O-O {[%clk 1:31:22]} 9. Bb2
{[%clk 1:32:40]} Qc7 {[%clk 1:30:33]} 10. Re1 {[%clk 1:31:24]} Rad8
{[%clk 1:29:38]} 11. Qc1 {[%clk 1:30:55]} Rfe8 {[%clk 1:28:06]} 12. h3
{[%clk 1:25:58]} h6 {[%clk 1:25:37]} 13. Rd1 {[%clk 1:20:26]} a6 {[%clk 1:20:12]}
14. Qd2 {[%clk 1:18:54]} b6 {[%clk 1:08:05]} 15. Bd3 {[%clk 1:15:49]} Bxd3
{[%clk 1:07:47]} 16. Qxd3 {[%clk 1:16:13]} a5 {[%clk 1:03:40]} 17. Rac1
{[%clk 1:15:48]} Qb8 {[%clk 0:53:33]} 18. cxd5 {[%clk 1:15:42]} exd5
{[%clk 0:52:37]} 19. Ne2 {[%clk 1:15:17]} c5 {[%clk 0:47:48]} 20. Qb1
{[%clk 1:12:08]} Rc8 {[%clk 0:41:42]} 21. Ng3 {[%clk 1:11:00]} Bd6
{[%clk 0:36:51]} 22. Ne2 {[%clk 1:09:30]} cxd4 {[%clk 0:32:51]} 23. Bxd4
{[%clk 1:09:41]} Ba3 {[%clk 0:31:12]} 24. Rxc8 {[%clk 1:08:01]} Rxc8
{[%clk 0:31:30]} 25. Qf5 {[%clk 1:07:05]} Qd6 {[%clk 0:26:17]} 26. Bxf6
{[%clk 1:07:01]} Nxf6 {[%clk 0:26:32]} 27. Qxc8+ {[%clk 1:07:26]} Kh7
{[%clk 0:25:45]} 28. Qf5+ {[%clk 1:07:46]} g6 {[%clk 0:24:22]} 29. Qe5
{[%clk 1:07:51]} Qd8 {[%clk 0:21:57]} 30. Nc3 {[%clk 1:06:18]} Bb2
{[%clk 0:20:43]} 31. Rd3 {[%clk 1:04:16]} b5 {[%clk 0:16:00]} 32. Qf4
{[%clk 1:04:08]} b4 {[%clk 0:09:43]} 33. Nxd5 {[%clk 1:04:12]} Nxd5
{[%clk 0:09:03]} 34. Qxf7+ {[%clk 1:04:33]} Bg7 {[%clk 0:08:24]} 35. Rxd5
{[%clk 1:04:52]} Qf6 {[%clk 0:06:11]} 36. Qxf6 {[%clk 1:04:22]} Bxf6
{[%clk 0:06:32]} 37. Rd7+ {[%clk 1:04:46]} Kg8 {[%clk 0:06:25]} 38. Ra7
{[%clk 1:04:58]} Kf8 {[%clk 0:05:44]} 39. Nd4 {[%clk 1:04:40]} g5
{[%clk 0:04:29]} 40. Nf5 {[%clk 1:04:28]} h5 {[%clk 0:04:06]} 41. g4
{[%clk 1:04:45]} h4 {[%clk 0:03:15]} 42. Kg2 {[%clk 1:05:11]} Ke8
{[%clk 0:02:13]} 43. Kf3 {[%clk 1:05:32]} Bc3 {[%clk 0:30:23]} 44. Ke4
{[%clk 1:35:48]} Kd8 {[%clk 0:27:08]} 45. Kd5 {[%clk 1:36:11]} Kc8
{[%clk 0:26:37]} 46. Kc6 {[%clk 1:36:28]} Kb8 {[%clk 0:26:13]} 47. Rb7+
{[%clk 1:36:48]} Kc8 {[%clk 0:26:13]} 48. Nd4 {[%clk 1:37:12]} Bxd4
{[%clk 0:25:43]} 49. exd4 {[%clk 1:37:36]} Kd8 {[%clk 0:25:55]} 50. Rc7
{[%clk 1:37:43]} 1-0

[Event "NDVM 2019 U14w"]
[Site "?"]
[Date "2019.09.14"]
[Round "5.8"]
[White "Kahlaee Semnani, Barin"]
[Black "Hafermann, Lara"]
[Result "0-1"]
[BlackElo "800"]
[WhiteElo "780"]
[LiveChessVersion "1.4.8"]

1. e4 {[%clk 1:30:58]} e5 {[%clk 1:30:59]} 2. Nf3 {[%clk 1:31:20]} Nc6
{[%clk 1:31:27]} 3. Nc3 {[%clk 1:31:36]} Nf6 {[%clk 1:31:47]} 4. Bc4
{[%clk 1:31:55]} Bc5 {[%clk 1:32:09]} 5. d3 {[%clk 1:32:16]} d6 {[%clk 1:32:27]}
6. Bg5 {[%clk 1:32:35]} h6 {[%clk 1:32:51]} 7. Bxf6 {[%clk 1:32:48]} Qxf6
{[%clk 1:33:15]} 8. h3 {[%clk 1:32:38]} Bd7 {[%clk 1:32:43]} 9. Nb5
{[%clk 1:32:13]} O-O-O {[%clk 1:32:39]} 10. O-O {[%clk 1:31:36]} Qg6
{[%clk 1:32:12]} 11. Kh1 {[%clk 1:30:41]} a6 {[%clk 1:30:27]} 12. Nc3
{[%clk 1:30:06]} f6 {[%clk 1:29:28]} 13. Nd5 {[%clk 1:29:45]} Qe8
{[%clk 1:29:25]} 14. Nd2 {[%clk 1:26:20]} Na5 {[%clk 1:28:29]} 15. b4
{[%clk 1:25:49]} Nxc4 {[%clk 1:28:43]} 16. Nxc4 {[%clk 1:25:47]} Ba7
{[%clk 1:27:49]} 17. a4 {[%clk 1:23:37]} Kb8 {[%clk 1:25:23]} 18. b5
{[%clk 1:23:37]} axb5 {[%clk 1:25:37]} 19. axb5 {[%clk 1:23:44]} Bxb5
{[%clk 1:26:02]} 20. Ra2 {[%clk 1:23:33]} Bxc4 {[%clk 1:23:44]} 21. dxc4
{[%clk 1:23:33]} Bc5 {[%clk 1:23:00]} 22. Qa1 {[%clk 1:23:25]} Kc8
{[%clk 1:23:28]} 23. Ra8+ {[%clk 1:23:29]} Kd7 {[%clk 1:23:53]} 24. Rxd8+
{[%clk 1:23:41]} Qxd8 {[%clk 1:23:54]} 25. Qa4+ {[%clk 1:23:18]} c6
{[%clk 1:24:07]} 26. Nc3 {[%clk 1:23:16]} Qa8 {[%clk 1:24:20]} 27. Qb3
{[%clk 1:22:27]} Kc7 {[%clk 1:24:19]} 28. f3 {[%clk 1:19:10]} Qa3
{[%clk 1:24:23]} 29. Qxa3 {[%clk 1:17:24]} Bxa3 {[%clk 1:24:47]} 30. Rb1
{[%clk 1:17:33]} Rb8 {[%clk 1:24:53]} 31. Na4 {[%clk 1:17:28]} b5
{[%clk 1:23:30]} 32. cxb5 {[%clk 1:17:44]} Rxb5 {[%clk 1:23:51]} 33. Rd1
{[%clk 1:17:45]} Ra5 {[%clk 1:23:29]} 34. Nc3 {[%clk 1:17:52]} Rc5
{[%clk 1:23:32]} 35. Nb1 {[%clk 1:17:33]} Bb2 {[%clk 1:23:54]} 36. Rd2
{[%clk 1:17:20]} Rb5 {[%clk 1:23:45]} 37. Re2 {[%clk 1:17:03]} Rc5
{[%clk 1:22:42]} 38. Kh2 {[%clk 1:13:47]} Kd7 {[%clk 1:22:32]} 39. Rd2
{[%clk 1:10:45]} Bc1 {[%clk 1:21:40]} 40. Re2 {[%clk 1:10:36]} Ke6
{[%clk 1:21:52]} 41. c3 {[%clk 1:08:51]} Rb5 {[%clk 1:21:47]} 42. Nd2
{[%clk 1:08:41]} Rb2 {[%clk 1:21:24]} 43. Rf2 {[%clk 1:07:42]} Bxd2
{[%clk 1:21:30]} 44. Rf1 {[%clk 1:07:31]} Bxc3 {[%clk 1:21:37]} 45. Rc1
{[%clk 1:06:08]} Rb3 {[%clk 1:22:03]} 46. Rc2 {[%clk 1:06:03]} d5
{[%clk 1:21:18]} 47. exd5+ {[%clk 1:06:01]} Kxd5 {[%clk 1:21:11]} 48. Rc1
{[%clk 1:05:42]} Bd2 {[%clk 1:20:01]} 49. Rd1 {[%clk 1:05:34]} Rb2
{[%clk 1:20:27]} 50. Ra1 {[%clk 1:04:55]} Bf4+ {[%clk 1:19:55]} 51. Kh1
{[%clk 1:04:59]} Bg3 {[%clk 1:20:13]} 52. Rd1+ {[%clk 1:05:00]} Ke6
{[%clk 1:20:29]} 53. Rf1 {[%clk 1:05:10]} c5 {[%clk 1:20:47]} 54. Rc1
{[%clk 1:04:57]} c4 {[%clk 1:21:06]} 55. Rxc4 {[%clk 1:05:04]} Rb1+
{[%clk 1:21:30]} 56. Rc1 {[%clk 1:05:03]} Rxc1# {[%clk 1:21:55]} 0-1